000 01421cam a2200133 4500500
005 20251214002641.0
041 _afre
042 _adc
100 1 0 _aMoeschler, Jacques
_eauthor
245 0 0 _aPourquoi le langage ? : Des Inuits à Google
260 _bArmand Colin,
_c2020.
520 _a« La langue inuit compte plus de mots qu’aucune autre pour désigner la neige. » « L’orthographe et la syntaxe sont maltraitées par les SMS. » « On ne peut communiquer sans langage. » « La langue des indiens hopi ne contient aucun mot ou structure grammaticale pour se référer au temps. » Partant d’un certain nombre de conceptions erronées liées au langage, aux langues et au français en particulier, Jacques Moeschler propose, sur la base des recherches les plus récentes, une nouvelle image unifiée de la nature du langage. L’ouvrage met en lumière un certain nombre de théories et concepts passionnants mais injustement ignorés ou méconnus. Il tire certaines conséquences de découvertes récentes, et les met en perspectives avec d’autres champs disciplinaires, comme les sciences cognitives, la philosophie du langage, l’informatique appliquée au traitement du langage (traduction automatique par exemple) ou encore les humanités numériques (digital humanities).
856 4 1 _uhttps://shs.cairn.info/pourquoi-le-langage--9782200628550?lang=fr&redirect-ssocas=7080
999 _c1567276
_d1567276